000 01172nam a2200241Ia 4500
999 _c40823
_d40823
001 7463
003 GE_BSU
005 20231211114322.0
008 181216s1954||||ge |||||||||||||| ||geo||
040 _cGE_BSU
041 _ageo
080 _a821.353.1-31 დ- 26
100 _aდგებუაძე-ფულარია, ფუცუ
_920637
245 _aოქროს ბეჭედი :
_bრომანი წარსულიდან /
_cფუცუ დგებუაძე-ფულარია ; რედ. ირ. ანთელავა ; მხატვ. ჭ. კუკულაძე.
250 _aმე-2 შევსებული და შესწორებული გამოცემა
264 _aსოხუმი :
_bაფხაზეთის სახელგამი,
_c1954.
300 _a500 გვ. ;
_c 21 სმ.
653 _aოქროს ბეჭედი
653 _aრომანი წარსულიდან
700 _aანთელავა, ირ.
_eრედაქტორი
_920653
700 _aკუკულაძე, ჭ.
_eმხატვარი
_920654
942 _cBK
_2udc